IPD UK monthly index - January -December 2001 (Record no. 101232)
[ view plain ]
| 000 -LEADER | |
|---|---|
| fixed length control field | 00763cam a2200277 4500 |
| 001 - CONTROL NUMBER | |
| control field | J63731 |
| 008 - FIXED-LENGTH DATA ELEMENTS--GENERAL INFORMATION | |
| fixed length control field | 000000n2001 000 0 eng u |
| 035 ## - SYSTEM CONTROL NUMBER | |
| System control number | (Sirsi) u111351 |
| 041 ## - LANGUAGE CODE | |
| Language code of text/sound track or separate title | eng |
| 050 ## - LIBRARY OF CONGRESS CALL NUMBER | |
| Classification number | 333.33016 |
| 110 ## - MAIN ENTRY--CORPORATE NAME | |
| Corporate name or jurisdiction name as entry element | Investment Property Databank |
| 9 (RLIN) | 2288 |
| 245 ## - TITLE STATEMENT | |
| Title | IPD UK monthly index - January -December 2001 |
| 260 ## - PUBLICATION, DISTRIBUTION, ETC. | |
| Place of publication, distribution, etc. | London |
| Name of publisher, distributor, etc. | IPD |
| Date of publication, distribution, etc. | 2001 |
| 300 ## - PHYSICAL DESCRIPTION | |
| Extent | 12 pt. ; 30cm. |
| 520 ## - SUMMARY, ETC. | |
| Summary, etc. | Available on the IPD website http://www.ipdindex.co.uk |
| 650 ## - SUBJECT ADDED ENTRY--TOPICAL TERM | |
| Topical term or geographic name entry element | CAPITAL VALUES |
| 650 ## - SUBJECT ADDED ENTRY--TOPICAL TERM | |
| Topical term or geographic name entry element | INDUSTRIAL PROPERTY |
| 650 ## - SUBJECT ADDED ENTRY--TOPICAL TERM | |
| Topical term or geographic name entry element | OFFICES |
| 650 ## - SUBJECT ADDED ENTRY--TOPICAL TERM | |
| Topical term or geographic name entry element | PROPERTY INDICES |
| 650 ## - SUBJECT ADDED ENTRY--TOPICAL TERM | |
| Topical term or geographic name entry element | RENTS |
| 650 ## - SUBJECT ADDED ENTRY--TOPICAL TERM | |
| Topical term or geographic name entry element | RETAIL PROPERTY |
| 650 ## - SUBJECT ADDED ENTRY--TOPICAL TERM | |
| Topical term or geographic name entry element | YIELDS |
| 690 ## - LOCAL SUBJECT ADDED ENTRY--TOPICAL TERM (OCLC, RLIN) | |
| Topical term or geographic name as entry element | PROPERTY-COMMERCIAL PROPERTY |
| 856 ## - ELECTRONIC LOCATION AND ACCESS | |
| Uniform Resource Identifier | <a href="https://www.ipdindex.co.uk">https://www.ipdindex.co.uk</a> |
| 942 ## - ADDED ENTRY ELEMENTS (KOHA) | |
| Suppress in OPAC | 0 |
| Withdrawn status | Lost status | Source of classification or shelving scheme | Damaged status | Not for loan | Home library | Current library | Shelving location | Date acquired | Total Checkouts | Full call number | Barcode | Date last seen | Copy number | Price effective from | Koha item type |
|---|---|---|---|---|---|---|---|---|---|---|---|---|---|---|---|
| Dewey Decimal Classification | London | London | Property market reports | 12/03/2001 | PROPERTY MARKET REPORTS | 30063731 | 06/08/2019 | 1 | 06/08/2019 | Reference material | |||||
| Dewey Decimal Classification | London | London | Property market reports | 10/04/2001 | PROPERTY MARKET REPORTS | 30064017 | 06/08/2019 | 2 | 06/08/2019 | Reference material | |||||
| Dewey Decimal Classification | London | London | Property market reports | 09/05/2001 | PROPERTY MARKET REPORTS | 30064387 | 06/08/2019 | 3 | 06/08/2019 | Reference material | |||||
| Dewey Decimal Classification | London | London | Property market reports | 08/06/2001 | PROPERTY MARKET REPORTS | 30064553 | 06/08/2019 | 4 | 06/08/2019 | Reference material | |||||
| Dewey Decimal Classification | London | London | Property market reports | 18/07/2001 | PROPERTY MARKET REPORTS | 30064679 | 06/08/2019 | 5 | 06/08/2019 | Reference material | |||||
| Dewey Decimal Classification | London | London | Property market reports | 15/08/2001 | PROPERTY MARKET REPORTS | 30064830 | 06/08/2019 | 6 | 06/08/2019 | Reference material | |||||
| Dewey Decimal Classification | London | London | Property market reports | 20/03/2002 | PROPERTY MARKET REPORTS | 30065610 | 06/08/2019 | 7 | 06/08/2019 | Reference material | |||||
| Dewey Decimal Classification | London | London | Property market reports | 20/03/2002 | PROPERTY MARKET REPORTS | 30065626 | 06/08/2019 | 8 | 06/08/2019 | Reference material | |||||
| Dewey Decimal Classification | London | London | Property market reports | 20/03/2002 | PROPERTY MARKET REPORTS | 30065631 | 06/08/2019 | 9 | 06/08/2019 | Reference material | |||||
| Dewey Decimal Classification | London | London | Property market reports | 20/03/2002 | PROPERTY MARKET REPORTS | 30065619 | 06/08/2019 | 12 | 06/08/2019 | Reference material | |||||
| Dewey Decimal Classification | London | London | Property market reports | 21/03/2002 | PROPERTY MARKET REPORTS | 30065196 | 06/08/2019 | 14 | 06/08/2019 | Reference material | |||||
| Dewey Decimal Classification | London | London | Property market reports | 21/03/2002 | PROPERTY MARKET REPORTS | 30065204 | 06/08/2019 | 16 | 06/08/2019 | Reference material |